| 000 | 00463nam a2200181Ia 4500 | ||
|---|---|---|---|
| 001 | 8936 | ||
| 005 | 20260306160646.0 | ||
| 008 | 260306t1984||||xx |||||||||||||| ||spa|| | ||
| 041 | _aESP | ||
| 082 |
_a371.93 _bS21 |
||
| 100 |
_aSantolaria Sierra, Félix F. _eAUT |
||
| 245 | 0 |
_aLa obra pedagogica de Josep Pedragosa: _breeducación social |
|
| 260 | _c1984 | ||
| 300 |
_a306 páginas : _c21 cm. |
||
| 650 | _aGEN | ||
| 654 | _aCED | ||
| 942 |
_cLIB _dJUS _fJUS _2ddc _n |
||
| 999 |
_c8936 _d8936 |
||